=LDR 00000nam 2200000 4500 =001 INLIS000000000006076 =005 20251031110319 =035 ##$$a 0010-1025001131 =007 ta =008 251031###########################0#ind## =082 ##$$a 338.900 =084 ##$$a 338.900 BAD k =100 #$$a Badan Koordinasi Keluarga Berencana Nasional =245 1#$$a Klasifikasi /$c Badan Koordinasi Keluarga Berencana Nasional =260 ##$$a Jakarta :$b Badan Koordinasi Keluarga Berencana Nasional,$c 1993 =300 ##$$a 8 Hal : $b ilus ; $c 21 =650 #4$$a Keluarga Berencana =856 ##$$a Perpustakaan Kemendukbangga